|
|
|
|
| LEADER |
00000nab a2200000 a 4500 |
| 001 |
vtls010079073 |
| 003 |
SK-MaSNL |
| 005 |
20260303050525.0 |
| 008 |
100324c2009 xo r m 000 00slo |
| 015 |
|
|
|a SNBRA2010/03SVKPO
|
| 038 |
|
|
|a SVKPO
|
| 040 |
|
|
|a SVKPOCL
|c slo
|e AACR2
|
| 041 |
0 |
|
|a slo
|
| 044 |
|
|
|a xo
|c SK
|
| 080 |
|
|
|a 316.77
|2 2001
|
| 080 |
|
|
|a 165.75
|2 2001
|
| 080 |
|
|
|a 316.754.6
|2 2001
|
| 100 |
1 |
|
|a Leško, Erik
|4 aut
|9 243808
|
| 245 |
1 |
0 |
|a Hovoriť o druhých
|b performatívne efekty xenofóbneho diskurzu
|c Erik Leško
|
| 504 |
|
|
|a Bibliogr. odkazy
|
| 650 |
0 |
7 |
|a komunikácia
|2 svkpocl
|9 1362
|
| 650 |
0 |
7 |
|a diskurz
|2 svkpocl
|9 473540
|
| 650 |
0 |
7 |
|a performativita
|2 svkpocl
|9 768619
|
| 650 |
0 |
7 |
|a tabu
|2 svkpocl
|9 4962
|
| 650 |
0 |
7 |
|a prelamovanie tabu
|2 svkpocl
|9 1038811
|
| 773 |
0 |
|
|t Medzikultúrny dialóg : stav - kontexty - perspektívy / Daniel Dobiaš, Marcela Gbúrová, Irina Mattová (eds.)
|d Prešov : Prešovská univerzita ; Filozofická fakulta, 2009
|g S. 454-465
|z 9788055500003
|
| 852 |
|
|
|a SVKPO
|b KIS3GCP
|
| 958 |
|
|
|a SK
|
| 958 |
|
|
|a NB
|
| 999 |
|
|
|c 1707821
|d 1709751
|